Missing Word: 'Happy' Songs Quiz Stats

Quiz Updated Nov 21, 2014

Challenge
Share
Tweet
Embed
Score 0/18 Timer 03:00
0 Plays Today
Song Missing Word % Correct
Don't _____, Be HappyWorry
96.2%
Oh Happy ___Day
93.4%
If It _____ You HappyMakes
85.1%
You've Made Me So ____ HappyVery
76.3%
Happy-Go-_____ MeLucky
74.7%
Happy ____ Are Here AgainDays
73.6%
_____ Happy PeopleShiny
49.2%
Happy _________Together
48.9%
____ Can Make You HappyLove
47.5%
Song Missing Word % Correct
___-La-La (Make Me Happy)Sha
36%
Happy Birthday, Sweet _______Sixteen
31.4%
If You _____ Be HappyWanna
27.4%
Happy ____Jack
18%
My Happy ______Ending
12.4%
Happy ____Hour
9.7%
Oh ___ HappyHow
8.8%
The Happy ______Organ
5%
_________ HappyViolently
2.9%

Today's Daily Dose

You're not logged in!

Compare scores with friends on all Sporcle quizzes.
Sign Up with Email
OR
Log In

You Might Also Like...

Show Comments

Extras

Top Quizzes Today


Score Distribution

Your Account Isn't Verified!

In order to create a playlist on Sporcle, you need to verify the email address you used during registration. Go to your Sporcle Settings to finish the process.